Succesful Drug Discovery (Record no. 2340)
[ view plain ]
| 000 -LEADER | |
|---|---|
| fixed length control field | 00342nam a22001457a 4500 |
| 008 - FIXED-LENGTH DATA ELEMENTS--GENERAL INFORMATION | |
| fixed length control field | 250314b |||||||| |||| 00| 0 eng d |
| 020 ## - INTERNATIONAL STANDARD BOOK NUMBER | |
| ISBN | 9783527814695 |
| 100 ## - MAIN ENTRY--AUTHOR | |
| Author | Fischer Jamas |
| 245 ## - TITLE STATEMENT | |
| Title | Succesful Drug Discovery |
| 250 ## - EDITION STATEMENT | |
| Edition statement | 4th |
| 260 ## - PUBLICATION, DISTRIBUTION, ETC. (IMPRINT) | |
| Place of publication | Germany |
| Name of publisher | Wiley-VCH |
| Date of publication | 2019 |
| 300 ## - COLLATION | |
| Pagination | XI,255P |
| 942 ## - ADDED ENTRY ELEMENTS (KOHA) | |
| Item type | Books |
| 050 ## - LIBRARY OF CONGRESS CALL NUMBER | |
| Classification number | RM301.25 |
| Item number | .S83 |
| Source of classification or shelving scheme | Not for loan | Permanent location | Current location | Date acquired | Accession No. | Full call number | Barcode. | Koha item type |
|---|---|---|---|---|---|---|---|---|
| Library of Congress Classification | Samuel Ogbemudia Main Library, University of Abuja | Samuel Ogbemudia Main Library, University of Abuja | 03/14/2025 | 2024/64039 | RM301.25.S83 | 2025-0606 | Books |